Die Progressive Einkommensteuer Im Staats- und Gemeinde-Haushalt : Gutachten über Personalbesteuerung, Auf Veranlassung des Vereins Für Socialpolitik. (Schriften des Vereins Für Socialpolitik VIII).

Bibliographic Details
Main Author: Neumann, Friedrich Julius.
Format: eBook
Language:German
Published: Berlin : Duncker & Humblot, 2014.
Edition:1st ed.
Series:Duncker and Humblot Reprints Series
Subjects:
Online Access:Click to View
LEADER 03028nam a22003853i 4500
001 EBC7101195
003 MiAaPQ
005 20240729202204.0
006 m o d |
007 cr cnu||||||||
008 240729s2014 xx o ||||0 ger d
020 |a 9783428572557  |q (electronic bk.) 
020 |z 9783428172559 
035 |a (MiAaPQ)EBC7101195 
035 |a (Au-PeEL)EBL7101195 
035 |a (OCoLC)1347027356 
040 |a MiAaPQ  |b eng  |e rda  |e pn  |c MiAaPQ  |d MiAaPQ 
100 1 |a Neumann, Friedrich Julius. 
245 1 4 |a Die Progressive Einkommensteuer Im Staats- und Gemeinde-Haushalt :  |b Gutachten über Personalbesteuerung, Auf Veranlassung des Vereins Für Socialpolitik. (Schriften des Vereins Für Socialpolitik VIII). 
250 |a 1st ed. 
264 1 |a Berlin :  |b Duncker & Humblot,  |c 2014. 
264 4 |c {copy}1874. 
300 |a 1 online resource (247 pages) 
336 |a text  |b txt  |2 rdacontent 
337 |a computer  |b c  |2 rdamedia 
338 |a online resource  |b cr  |2 rdacarrier 
490 1 |a Duncker and Humblot Reprints Series 
505 0 |a Intro -- Inhalt. -- Vorwort. -- Erstes Capitel. Die Siegesaussichten der personalen Steuern vom Einkommen und Vermögen und die ihnen in Staaten mit ausgebildetem „Ertragssteuersystem" entgegenstehenden Hindernisse. -- Zweites Capitel. Ist die zu empfangende Leistung oder die Leistungsfähigkeit der richtigere Maaßstab für die Vertheilung der Staats- und Gemeinde-Lasten? -- 1. Allgemeines. -- 2. Die Steuerüberbürdung einzelner Ortschaften und Landestheile. -- Drittes Capitel. Die Steuer nach der Leistungsfähigkeit und die Steuer nach dem Einkommen. -- Viertes Kapitel. Folgerungen ans dem Grundsätze der Besteuerung nach der Leistungsfähigkeit. -- Erster Abschnitt. Die sog. progressive oder degressive Besteuerung. -- A. Allgemeines und Thatsächliches. -- B. Kritik der Progressiv- oder Dezressivsteuer. -- Zweiter Abschnitt. Die Befreiung der unteren Classen von directen Steuern. -- Dritter Abschnitt. Weitere Folgerungen aus dem Grundsätze der Besteuerung nach der Leistungsfähigkeit. -- 1. -- 2. -- 3. -- Zusätze und Quellennachweise. -- I. Zusätze und Quellennachweise zum ersten Capitel. -- II. Zusätze und Quellennachweise zum zweiten Capitel. -- III. Zusätze und Quellennachweise zum dritten Capitel. -- IV. Zusätze und Anmerkungen zum vierten Capitel. 
588 |a Description based on publisher supplied metadata and other sources. 
590 |a Electronic reproduction. Ann Arbor, Michigan : ProQuest Ebook Central, 2024. Available via World Wide Web. Access may be limited to ProQuest Ebook Central affiliated libraries.  
655 4 |a Electronic books. 
776 0 8 |i Print version:  |a Neumann, Friedrich Julius  |t Die Progressive Einkommensteuer Im Staats- und Gemeinde-Haushalt  |d Berlin : Duncker & Humblot,c2014  |z 9783428172559 
797 2 |a ProQuest (Firm) 
830 0 |a Duncker and Humblot Reprints Series 
856 4 0 |u https://ebookcentral.proquest.com/lib/matrademy/detail.action?docID=7101195  |z Click to View